| 000 | 00332nam a22001337a 4500 | ||
|---|---|---|---|
| 020 | _a0-07-045269-5 | ||
| 082 | _a503.21 MCG'P | ||
| 100 |
_aPARKER, S.P _974859 |
||
| 245 | _aMCGRAW HILL DICTIONARY OF SCEINTIFICS AND TECHNICAL TERMS | ||
| 250 | _a3RD | ||
| 260 |
_aNEWYORK _bMCGRAW HILL _c1983 |
||
| 300 | _aXV,1781P | ||
| 942 | _cBK | ||
| 999 |
_c580363 _d580363 |
||